| 000 | 00611nam a22002057a 4500 | ||
|---|---|---|---|
| 003 | OSt | ||
| 005 | 20240603163215.0 | ||
| 008 | 240603b |||||||| |||| 00| 0 eng d | ||
| 020 | _a9780071314718 | ||
| 040 |
_aDWCL-Main lib. _cOC |
||
| 082 | _aCirc. 519.5 E78 2012 | ||
| 100 | _aBowerman, Bruce L. | ||
| 245 | _aEssentials of business statistics / | ||
| 260 |
_aNew York : _bMcGraw-Hill/Irwin, _cc2012. |
||
| 300 |
_axxii, _b665 pages : color illustrations ; _c28 cm. |
||
| 504 | _aIncludes bibliographical references | ||
| 650 | _aI. Title | ||
| 700 | _aBruce L. Bowerman | ||
| 942 |
_2ddc _cBK-CIRC _kCirc _n0 |
||
| 999 |
_c105 _d105 |
||